| 000 | 01063nam a22002897a 4500 | ||
|---|---|---|---|
| 001 | 6934 | ||
| 003 | FISKH | ||
| 005 | 20250610153320.0 | ||
| 008 | 250610b cb ||||| |||| 00| 0 eng d | ||
| 020 | _a9780545552936 | ||
| 040 |
_aFISKH _beng _cFISKH _dFISKH |
||
| 050 | _aPZ10.3 P | ||
| 082 | _a823.92 | ||
| 100 | _aPrescott, Simon | ||
| 245 |
_aSmall mouse big city / _cSimon Prescott |
||
| 250 | _aFirst Scholastic printing, February 2013. | ||
| 260 |
_aNew York : _bScholastic, _c2009. |
||
| 300 |
_a30 unnumbered pages : _bcolor illstrations ; _c18 x 26 cm |
||
| 505 | _aJ | ||
| 520 | _aCountry Mouse is going on an adventure! He's leaving his quiet countryside to stay with his friend in the Big City. The city is amazing! The city is magnificent! But when Country Mouse looks across the rooftops and sees the green hills of his home, he begins to feel sad. | ||
| 521 | 8 |
_a440
_bLexile AD |
|
| 521 | 8 |
_aJ
_bRaz-Plus |
|
| 650 |
_aAnimals _vFriendship _xMouse |
||
| 650 |
_aPicture book _vPets |
||
| 942 |
_2ddc _cBK _n0 |
||
| 999 |
_c6934 _d6934 |
||